[Event "Miquel Mas op 19th"]
[Site "Castell de Sant Ferran"]
[Date "2018.08.10"]
[Round "2"]
[White "Ruiz de Morales Cespedes, Jaume"]
[Black "Lorca Cortada, David"]
[Result "0-1"]
[WhiteElo "1754"]
[BlackElo "2060"]
[PlyCount "56"]
[EventDate "2018.08.09"]
[EventType "swiss"]
[EventRounds "9"]
[EventCountry "ESP"]
[SourceTitle "CBM 186 Extra"]
[Source "ChessBase"]
[SourceDate "2018.08.24"]
[SourceVersion "1"]
[SourceVersionDate "2018.08.24"]
[SourceQuality "1"]

1. c4 Nf6 2. Nc3 b6 3. Nf3 Bb7 4. g3 e6 5. Bg2 Be7 6. 0-0 c5 7. d4 cxd4 8. Qxd4 Nc6 9. Qd2 a6 10. Rd1 Qc7 11. e4 d6 12. Qe2 0-0 13. Bf4 Rfd8 14. Rd2 Na5 15. b3 b5 16. Rad1 b4 17. Na4 Nxe4 18. Rd3 Nc5 19. Nxc5 Qxc5 20. Qd2 d5 21. cxd5 Rxd5 22. Rxd5 Bxd5 23. Rc1 Qb6 24. Ng5 Bxg2 25. Qc2 Bxg5 26. Qc8+ Rxc8 27. Rxc8+ Bd8 28. Bc7 Qxc7 0-1

[Event "Catalunya-chT Gp2"]
[Site "Barcelona"]
[Date "2017.02.18"]
[Round "5.9"]
[White "Garcia Castany Musellas, Gal La"]
[Black "Ruiz de Morales Cespedes, Jaume"]
[Result "1-0"]
[WhiteElo "2200"]
[BlackElo "1754"]
[PlyCount "69"]
[EventDate "2017.01.21"]
[EventType "team-tourn"]
[EventRounds "7"]
[EventCountry "ESP"]
[SourceTitle "EXT 2018"]
[Source "ChessBase"]
[SourceDate "2017.10.13"]
[SourceVersion "1"]
[SourceVersionDate "2017.10.13"]
[SourceQuality "1"]
[WhiteTeam "Colon Sabadell"]
[BlackTeam "Banyoles"]
[WhiteTeamCountry "ESP"]
[BlackTeamCountry "ESP"]

1. e4 e6 2. d4 d5 3. Nd2 dxe4 4. Nxe4 Nd7 5. Nf3 Ngf6 6. Nxf6+ Nxf6 7. Be2 c5 8. 0-0 cxd4 9. Nxd4 Bc5 10. Nb5 0-0 11. c4 a6 12. Nc3 b6 13. Bf3 Ra7 14. Bf4 Bb7 15. Qxd8 Rxd8 16. Rad1 Rxd1 17. Rxd1 h6 18. Bb8 Bxf3 19. Rd8+ Kh7 20. Bxa7 Bh5 21. h3 g5 22. Bb8 g4 23. Be5 Kg6 24. Bxf6 Kxf6 25. hxg4 Bxg4 26. Ne4+ Ke5 27. Nxc5 bxc5 28. Kf1 Bf5 29. b3 Bb1 30. Rd2 a5 31. Ke2 Ke4 32. g3 h5 33. f3+ Ke5 34. Ke3 f5 35. Rb2 1-0

[Event "Catalunya-chT Gp2"]
[Site "Barcelona"]
[Date "2017.02.04"]
[Round "3.10"]
[White "Hapala, Elisabeth"]
[Black "Ruiz de Morales Cespedes, Jaume"]
[Result "0-1"]
[WhiteElo "2059"]
[BlackElo "1754"]
[PlyCount "116"]
[EventDate "2017.01.21"]
[EventType "team-tourn"]
[EventRounds "7"]
[EventCountry "ESP"]
[SourceTitle "CBM 176 Extra"]
[Source "ChessBase"]
[SourceDate "2017.03.02"]
[SourceVersion "1"]
[SourceVersionDate "2017.03.02"]
[SourceQuality "1"]
[WhiteTeam "Sant Josep de Badalona"]
[BlackTeam "Banyoles"]
[WhiteTeamCountry "ESP"]
[BlackTeamCountry "ESP"]

1. e4 e6 2. d4 d5 3. Nd2 dxe4 4. Nxe4 Nd7 5. Nf3 Ngf6 6. Bd3 Nxe4 7. Bxe4 Nf6 8. Bg5 c5 9. 0-0 cxd4 10. Nxd4 e5 11. Bxf6 gxf6 12. Nb5 Qb6 13. c4 Be6 14. Nc3 Rd8 15. Nd5 Bxd5 16. Bxd5 Bc5 17. a3 Bd4 18. Rb1 Qd6 19. Qb3 b6 20. Qa4+ Ke7 21. Qxa7+ Rd7 22. Qa4 f5 23. Qc6 Qxc6 24. Bxc6 Rd6 25. Bd5 Rg6 26. Rfd1 h5 27. b4 Rhg8 28. Kf1 Rd8 29. a4 Rgd6 30. Ke2 h4 31. Rd3 Rg6 32. Rh3 Rh6 33. a5 b5 34. g3 bxc4 35. Bxc4 Rc8 36. Bb3 Rb8 37. Bc2 e4 38. gxh4 Rc8 39. Ba4 Rc3 40. Rxc3 Bxc3 41. Rb3 Bd4 42. Rh3 f4 43. b5 f3+ 44. Kd2 Bxf2 45. Bd1 Rd6+ 46. Kc2 Be1 47. Bxf3 exf3 48. Rxf3 Bxa5 49. Kb3 Rd4 50. Rh3 Rb4+ 51. Kc2 Rxb5 52. h5 Rb8 53. h6 Rh8 54. Kd3 Kf6 55. Ke4 Kg6 56. Ra3 Bd2 57. Ra6+ f6 58. h4 Rxh6 0-1

[Event "Girona-ch"]
[Site "Banyoles"]
[Date "2016.10.09"]
[Round "2"]
[White "Ruiz de Morales Cespedes, Jaume"]
[Black "Alvarez Martinez, Robert Carlos"]
[Result "1-0"]
[WhiteElo "1676"]
[BlackElo "1933"]
[PlyCount "133"]
[EventDate "2016.10.02"]
[EventType "swiss"]
[EventRounds "9"]
[EventCountry "ESP"]
[SourceTitle "EXT 2018"]
[Source "ChessBase"]
[SourceDate "2017.10.13"]
[SourceVersion "1"]
[SourceVersionDate "2017.10.13"]
[SourceQuality "1"]

1. c4 c5 2. Nf3 g6 3. g3 Bg7 4. Bg2 Nc6 5. 0-0 Nf6 6. d4 cxd4 7. Nxd4 Qb6 8. Nxc6 bxc6 9. Nc3 0-0 10. e4 Ba6 11. e5 Ne8 12. Qxd7 Bxe5 13. Bh6 Bxc4 14. Rfe1 Bg7 15. Bxg7 Nxg7 16. Qxc6 Qxc6 17. Bxc6 Rac8 18. Nd5 Bxd5 19. Bxd5 e6 20. Bb3 Nf5 21. Rad1 Rc7 22. Rd3 Rfc8 23. Red1 Kg7 24. Rd7 Kf6 25. Kf1 g5 26. R1d3 h6 27. Bd1 Ne7 28. b4 Nc6 29. Rxc7 Rxc7 30. Rc3 Rc8 31. Bh5 Kg7 32. Ke1 Ne7 33. Rxc8 Nxc8 34. Kd2 Kf8 35. Kd3 Ke7 36. Kc4 Kd7 37. Kc5 Nd6 38. Bf3 Kc7 39. b5 Nc8 40. a4 Nb6 41. a5 Nd7+ 42. Kd4 Kd6 43. Bc6 Nb8 44. Be8 f6 45. Kc4 Ke7 46. Bc6 Kd6 47. Be8 Ke7 48. Bg6 Kd6 49. Be4 Kc7 50. Bg6 Kd6 51. Be4 Kc7 52. Bg6 Kd6 53. Kd4 Nd7 54. Be8 Nb8 55. b6 axb6 56. axb6 Ke7 57. Ba4 Kd6 58. Kc4 Nc6 59. Kb5 Nb8 60. Bd1 Kd5 61. b7 Kd6 62. Kb6 Nd7+ 63. Ka7 Kc7 64. Ba4 Nb8 65. f3 f5 66. f4 g4 67. Be8 1-0

[Event "Catalunya-ch Previa"]
[Site "Girona"]
[Date "2016.01.23"]
[Round "3.2"]
[White "Ruiz de Morales Cespedes, Jaume"]
[Black "Salagran Ferragut, Guillem"]
[Result "0-1"]
[WhiteElo "1971"]
[BlackElo "2245"]
[PlyCount "32"]
[EventDate "2016.01.16"]
[EventType "swiss"]
[EventRounds "5"]
[EventCountry "ESP"]
[SourceTitle "EXT 2024"]
[Source "ChessBase"]
[SourceDate "2023.10.10"]
[SourceVersion "1"]
[SourceVersionDate "2023.10.10"]
[SourceQuality "1"]

1. e4 e6 2. d4 d5 3. e5 c5 4. c3 Nc6 5. Nf3 Qb6 6. a3 f6 7. b4 c4 8. Bf4 fxe5 9. Bxe5 Nxe5 10. Nxe5 Nf6 11. Nd2 Bd6 12. Ndf3 0-0 13. g3 Ne4 14. Rc1 Bxe5 15. Nxe5 Nxf2 16. Rg1 Nxd1 0-1

[Event "Figueres op-B 16th"]
[Site "Figueres"]
[Date "2015.08.16"]
[Round "7"]
[White "Ruiz de Morales Cespedes, Jaume"]
[Black "Saliou, Jean Yves"]
[Result "0-1"]
[WhiteElo "1510"]
[BlackElo "1910"]
[PlyCount "104"]
[EventDate "2015.08.11"]
[EventType "swiss"]
[EventRounds "7"]
[EventCountry "ESP"]
[SourceTitle "EXT 2016"]
[Source "ChessBase"]
[SourceDate "2015.10.08"]
[SourceVersion "1"]
[SourceVersionDate "2015.10.08"]
[SourceQuality "1"]

1. e4 d6 2. d4 Nf6 3. Nc3 g6 4. Be3 c6 5. Qd2 Nbd7 6. f3 b5 7. Bd3 a6 8. Nge2 c5 9. dxc5 dxc5 10. Ng3 Bg7 11. 0-0 0-0 12. Bh6 c4 13. Be2 Nb6 14. Qxd8 Rxd8 15. Bxg7 Kxg7 16. e5 Nfd5 17. Nxd5 Nxd5 18. Kf2 Bb7 19. c3 Nb6 20. Rfd1 Na4 21. b3 cxb3 22. axb3 Nxc3 23. Rdc1 b4 24. Bc4 Rd2+ 25. Ne2 Rad8 26. Ke1 Nxe2 27. Bxe2 Rb2 28. Rab1 Rxb1 29. Rxb1 Rd5 30. f4 Rc5 31. g3 a5 32. Kd2 Bd5 33. Bd1 Rc3 34. Ra1 Bxb3 35. Rxa5 Bxd1 36. Kxd1 Ra3 37. Rb5 Ra1+ 38. Kd2 Ra2+ 39. Kc1 Rxh2 40. Rxb4 h5 41. Rb7 e6 42. Rb3 g5 43. fxg5 Re2 44. g4 hxg4 45. Rg3 Re4 46. Kd2 Kg6 47. Kd3 Ra4 48. Ke2 Ra2+ 49. Kf1 Kxg5 50. Rb3 Ra5 51. Rb7 Rxe5 52. Rxf7 Rf5+ 0-1

[Event "Santa Eugenia op 9th"]
[Site "Santa Eugenia"]
[Date "2014.05.23"]
[Round "5"]
[White "Ruiz de Morales Cespedes, Jaume"]
[Black "Sole Benegues, Jordi"]
[Result "0-1"]
[WhiteElo "1826"]
[BlackElo "1865"]
[PlyCount "29"]
[EventDate "2014.04.25"]
[EventType "swiss"]
[EventRounds "9"]
[EventCountry "ESP"]
[SourceTitle "EXT 2015"]
[Source "ChessBase"]
[SourceDate "2014.11.20"]
[SourceVersion "1"]
[SourceVersionDate "2014.11.20"]
[SourceQuality "1"]

1. e4 d6 2. d4 c6 3. Nf3 g6 4. Nc3 Bg7 5. h3 Na6 6. Bc4 b5 7. Nxb5 cxb5 8. Bxb5+ Kf8 9. Ng5 Qa5+ 10. Bd2 Qxb5 11. Qf3 Bf6 12. Nxf7 Kxf7 13. e5 Kg7 14. c4 Qxb2 15. e6 0-1

[Event "Catalunya-ch U16"]
[Site "Girona"]
[Date "2014.??.??"]
[Round "4.5"]
[White "Ruiz de Morales Cespedes, Jaume"]
[Black "Alcaide Vera, Michel"]
[Result "1-0"]
[WhiteElo "1826"]
[BlackElo "1700"]
[PlyCount "29"]
[EventDate "2014.01.25"]
[EventType "swiss"]
[EventRounds "6"]
[EventCountry "ESP"]
[SourceTitle "EXT 2024"]
[Source "ChessBase"]
[SourceDate "2023.10.10"]
[SourceVersion "1"]
[SourceVersionDate "2023.10.10"]
[SourceQuality "1"]

1. e4 e6 2. d4 d5 3. e5 c5 4. c3 Nc6 5. Nf3 b6 6. Bd3 Nge7 7. 0-0 g6 8. Bg5 Qc7 9. Bf6 Rg8 10. Na3 Nf5 11. Ng5 a6 12. Nxh7 cxd4 13. cxd4 Nfxd4 14. Bg5 Rh8 15. Nf6+ 1-0

[Event "Catalunya-ch U16"]
[Site "Girona"]
[Date "2014.??.??"]
[Round "3.5"]
[White "Volkov Baer, Ivan"]
[Black "Ruiz de Morales Cespedes, Jaume"]
[Result "0-1"]
[WhiteElo "1812"]
[BlackElo "1826"]
[PlyCount "86"]
[EventDate "2014.01.25"]
[EventType "swiss"]
[EventRounds "6"]
[EventCountry "ESP"]
[SourceTitle "EXT 2024"]
[Source "ChessBase"]
[SourceDate "2023.10.10"]
[SourceVersion "1"]
[SourceVersionDate "2023.10.10"]
[SourceQuality "1"]

1. d4 Nf6 2. Nf3 e6 3. e3 b6 4. Bd3 Bb7 5. Nbd2 d5 6. 0-0 c5 7. b3 Be7 8. Bb2 Nc6 9. Ne5 Nxe5 10. dxe5 Nd7 11. f4 0-0 12. Nf3 f6 13. c4 fxe5 14. Nxe5 Bf6 15. Qg4 Qe7 16. Rab1 Nxe5 17. Bxe5 Bxe5 18. Qh5 g6 19. Qxe5 Qf6 20. Qc7 Rf7 21. Qe5 Qxe5 22. fxe5 Raf8 23. Rxf7 Rxf7 24. Rf1 Bc6 25. Rf2 Rxf2 26. Kxf2 Kf7 27. Kg3 a6 28. Kf4 dxc4 29. Bxc4 b5 30. Bf1 h6 31. g4 g5+ 32. Kg3 Be4 33. a4 bxa4 34. bxa4 a5 35. Kf2 Bc6 36. Bb5 Bxb5 37. axb5 Ke7 38. Ke2 Kd7 39. Kd3 Kc7 40. Kc3 Kb6 41. Kc4 a4 42. e4 a3 43. Kb3 Kxb5 0-1

[Event "Girona op-B 4th"]
[Site "Girona"]
[Date "2013.07.20"]
[Round "6"]
[White "Arribas Viera, David"]
[Black "Ruiz de Morales Cespedes, Jaume"]
[Result "1-0"]
[WhiteElo "1386"]
[BlackElo "1436"]
[PlyCount "69"]
[EventDate "2013.07.15"]
[EventType "swiss"]
[EventRounds "9"]
[EventCountry "ESP"]
[SourceTitle "EXT 2015"]
[Source "ChessBase"]
[SourceDate "2014.11.20"]
[SourceVersion "1"]
[SourceVersionDate "2014.11.20"]
[SourceQuality "1"]

1. d4 f5 2. Bf4 Nf6 3. Nf3 g6 4. e3 d6 5. c3 Bg7 6. Bc4 e6 7. Qb3 d5 8. Be2 Ne4 9. 0-0 0-0 10. Rd1 g5 11. Bg3 h5 12. h4 f4 13. exf4 gxf4 14. Bh2 Bf6 15. Bxf4 Bxh4 16. g3 Rxf4 17. gxh4 Qf6 18. Nbd2 Nxd2 19. Rxd2 Rxf3 20. Bxf3 Qxf3 21. c4 Qxb3 22. axb3 a5 23. Re2 c6 24. Re5 Na6 25. Rxa5 Bd7 26. Rxh5 Kg7 27. b4 Rh8 28. Rxh8 Kxh8 29. b5 cxb5 30. cxb5 Nb4 31. Ra8+ Kg7 32. Rb8 Kf7 33. Rxb7 Ke8 34. Rxd7 Kxd7 35. h5 1-0